| 000 | 00884cam a2200193 4500 | ||
|---|---|---|---|
| 001 | WS116335 | ||
| 008 | 020116n 000 0 eng u | ||
| 035 | _a(Sirsi) u116335 | ||
| 245 | _aBrownfield Sites | ||
| 520 | _aWeb site which describes itself as "Europe's first point of reference on brownfield redevelopment". Includes news, information and advice from authoritative sources and explains the possibilities offered by brownfield development. also includes a searchable list of available sites, a guide to grants, funding and insurance and a business directory. | ||
| 650 | _aBROWNFIELD SITES | ||
| 650 | _aGRANTS | ||
| 650 | _aFUNDING | ||
| 650 |
_aInsurance _96249 |
||
| 650 | _aBROWNFIELD DEVELOPMENT | ||
| 690 | _aPROPERTY-PROPERTY DEVELOPMENT | ||
| 856 | 4 | 0 |
_uhttps://www.brownfieldsites.com _zView the website free of charge at www.brownfieldsites.com... |
| 942 | _n0 | ||
| 999 |
_c119966 _d119966 |
||